The good enough Catholic : (Record no. 378)

MARC details
000 -LEADER
fixed length control field 00987cam a2200301 a 4500
005 - DATE AND TIME OF LATEST TRANSACTION
control field 20260322212017.0
008 - FIXED-LENGTH DATA ELEMENTS--GENERAL INFORMATION
fixed length control field data
010 ## - LIBRARY OF CONGRESS CONTROL NUMBER
LC control number 96038528
020 ## - INTERNATIONAL STANDARD BOOK NUMBER
International Standard Book Number 0345395433
020 ## - INTERNATIONAL STANDARD BOOK NUMBER
International Standard Book Number 9780345395436
040 ## - CATALOGING SOURCE
Original cataloging agency DLC
Transcribing agency DLC
Modifying agency DLC
043 ## - GEOGRAPHIC AREA CODE
Geographic area code n-us---
050 00 - LIBRARY OF CONGRESS CALL NUMBER
Classification number BX1406.2
Item number .W55 1996
082 00 - DEWEY DECIMAL CLASSIFICATION NUMBER
Classification number 248.4/82
Edition information 20
092 ## - LOCALLY ASSIGNED DEWEY CALL NUMBER (OCLC)
Classification number 248.4 W55 1996
001 - CONTROL NUMBER
control field data
100 1# - MAIN ENTRY--PERSONAL NAME
Personal name Wilkes, Paul,
Dates associated with a name 1938-
245 14 - TITLE STATEMENT
Title The good enough Catholic :
Remainder of title a guide for the perplexed /
Statement of responsibility, etc. Paul Wilkes.
250 ## - EDITION STATEMENT
Edition statement 1st ed.
260 ## - PUBLICATION, DISTRIBUTION, ETC.
Place of publication, distribution, etc. New York :
Name of publisher, distributor, etc. Ballantine Books,
Date of publication, distribution, etc. 1996.
300 ## - PHYSICAL DESCRIPTION
Extent xxiii, 354 p. ;
Dimensions 25 cm.
504 ## - BIBLIOGRAPHY, ETC. NOTE
Bibliography, etc. note "Electronic resources": p. [321-322).
504 ## - BIBLIOGRAPHY, ETC. NOTE
Bibliography, etc. note Includes bibliographical references (p. [327]-334) and index.
610 20 - SUBJECT ADDED ENTRY--CORPORATE NAME
Corporate name or jurisdiction name as entry element Catholic Church
General subdivision Doctrines.
650 #0 - SUBJECT ADDED ENTRY--TOPICAL TERM
Topical term or geographic name entry element Catholics
Geographic subdivision United States
General subdivision Religion.
650 #0 - SUBJECT ADDED ENTRY--TOPICAL TERM
Topical term or geographic name entry element Catholics
Geographic subdivision United States
General subdivision Social life and customs.
856 42 - ELECTRONIC LOCATION AND ACCESS
Materials specified Publisher description
Uniform Resource Identifier <a href="http://www.loc.gov/catdir/description/random0412/96038528.html">http://www.loc.gov/catdir/description/random0412/96038528.html</a>
Holdings
Withdrawn status Lost status Damaged status Not for loan Home library Current library Shelving location Date acquired Total checkouts Full call number Barcode Date last seen Price effective from Koha item type
        Franklin Franklin General stacks 22/03/2026   248.4/82 20 BC0010388 22/03/2026 22/03/2026 Books